书目信息 |
| 题名: |
好礼仪好人缘
|
|
| 作者: | 晨辉 编著 | |
| 分册: | ||
| 出版信息: | 北京 中国物资出版社 2006.03 |
|
| 页数: | 10, 382页 | |
| 开本: | 21cm | |
| 丛书名: | 现代口才与礼仪宝典 | |
| 单 册: | ||
| 中图分类: | C912.1 | |
| 科图分类: | ||
| 主题词: | 人间交往--ren jian jiao wang--礼仪 | |
| 电子资源: | ||
| ISBN: | 7-5047-2299-5 | |
| 000 | 00834nam 2200241 450 | |
| 001 | 012006989536 | |
| 005 | 20060628162828.67 | |
| 010 | @a7-5047-2299-5@dCNY29.80 | |
| 100 | @a20060610d2006 km y0chiy0120 ea | |
| 101 | 0 | @achi |
| 102 | @aCN@b110000 | |
| 105 | @ay z 000yy | |
| 200 | 1 | @a好礼仪好人缘@Ahao li yi hao ren yuan@f晨辉编著@Fchen hui bian zhu |
| 210 | @a北京@c中国物资出版社@d2006.03 | |
| 215 | @a10, 382页@d21cm | |
| 225 | 2 | @a现代口才与礼仪宝典@Axian dai kou cai yu li yi bao dian |
| 330 | @a本书包括日常交际礼仪、仪表仪态与修饰、出行与公共场所礼仪、聚餐与餐饮礼仪、商务活动礼仪、涉外交际礼仪等内容。 | |
| 410 | 0 | @12001 @a现代口才与礼仪宝典 |
| 606 | 0 | @a人间交往@Aren jian jiao wang@x礼仪 |
| 690 | @aC912.1@v4 | |
| 701 | 0 | @a晨辉@Achen hui@4编著 |
| 801 | 0 | @aCN@bQSSK@c20060628 |
| 905 | @a10447@dC912.1@eC671 | |
| 好礼仪好人缘/晨辉编著.-北京:中国物资出版社,2006.03 |
| 10, 382页;21cm.-(现代口才与礼仪宝典) |
| ISBN 7-5047-2299-5:CNY29.80 |
| 本书包括日常交际礼仪、仪表仪态与修饰、出行与公共场所礼仪、聚餐与餐饮礼仪、商务活动礼仪、涉外交际礼仪等内容。 |
| ● |
| 相关链接 |
|
|
|
正题名:好礼仪好人缘
索取号:C912.1/C671
 
预约/预借
| 序号 | 登录号 | 条形码 | 馆藏地/架位号 | 状态 | 备注 |
| 1 | 583592 | 205835925 | 社科库509/509社科库 56排6列5层/ [索取号:C912.1/C671] | 在馆 | |
| 2 | 583593 | 205835934 | 社科库509/509社科库 56排6列5层/ [索取号:C912.1/C671] | 在馆 | |
| 3 | 583594 | 205835943 | 社科库509/422社科库 40排4列5层/ [索取号:C912.1/C671] | 在馆 |